Central Library OPAC University of Rajshahi

Hydrogen ion concentration : (Record no. 10324)

MARC details
000 -LEADER
fixed length control field 00821nam a22002652 4500
001 - CONTROL NUMBER
control field 10324
003 - CONTROL NUMBER IDENTIFIER
rucl marc code UkOxU
005 - DATE AND TIME OF LATEST TRANSACTION
control field 20211208234933.0
008 - FIXED-LENGTH DATA ELEMENTS--GENERAL INFORMATION
fixed length control field 140123s1952 njua 001 0 eng d
035 ## - SYSTEM CONTROL NUMBER
System control number (BD-RjUL)10372
040 ## - CATALOGING SOURCE
Original cataloging agency DLC/ICU
Transcribing agency CGU
Modifying agency WSU
-- VVD
-- CHS
-- SER
-- UKM
-- (BD-RjUL)
Language of cataloging eng
041 ## - LANGUAGE CODE
Language code of text/sound track or separate title eng
082 0# - DEWEY DECIMAL CLASSIFICATION NUMBER
Classification number 541.39
Author mark and year RIH1952
096 ## - LOCALLY ASSIGNED NLM-TYPE CALL NUMBER (OCLC)
Classification number QD 561 R491h 1952
100 1# - MAIN ENTRY--PERSONAL NAME
Personal name Ricci, John Ettore,
9 (RLIN) 31891
245 10 - TITLE STATEMENT
Title Hydrogen ion concentration :
Remainder of title new concepts in a systematic treatment.
260 ## - PUBLICATION, DISTRIBUTION, ETC. (IMPRINT)
Place of publication, distribution, etc. Princeton :
Name of publisher, distributor, etc. Princeton University Press ,
Date of publication, distribution, etc. 1952.
300 ## - PHYSICAL DESCRIPTION
Pagination xxvi ,460 p. :
Illustrations illus. ,
Size 24 cm.
504 ## - BIBLIOGRAPHY, ETC. NOTE
Bibliography, etc Includes index.
650 #0 - SUBJECT ADDED ENTRY--TOPICAL TERM
Topical term or geographic name as entry element Hydrogen-ion concentration.
9 (RLIN) 31892
Topical term or geographic name as entry element Hydrogen-Ion Concentration
9 (RLIN) 31893
942 ## - ADDED ENTRY ELEMENTS (KOHA)
Source of classification or shelving scheme Dewey Decimal Classification
Koha item type Books
Holdings
Lost status Source of classification or shelving scheme Damaged status Not for loan Collection code Permanent Location Current Location Shelving location Date acquired Source of acquisition Cost, normal purchase price Total Checkouts Full call number Date last seen Copy number Koha item type
  Dewey Decimal Classification   Not For Loan Non-fiction Central Library, University of Rajshahi Central Library, University of Rajshahi Reading Room 05/02/1958 Oxford university press 65.00   541.39 RIH 1952 23/01/2014 C-1 Books